1367 1342 1389 1601 1158 1163 1184 1921 1705 1130 1639 1229 1636 1838 1531 1384 1779 1837 1090 1536 1224 1807 1765 1332 1963 1483 1446 1914 1522 1385 1678 1952 1495 1625 1227 1835 1861 1862 1368 1094 1655 1932 1289 1183 1598 1866 1338 1733 1606 1420 1519 1285 1896 1004 1339 1593 1677 1095 1371 1778 1848 1244 1460 1019 1335 1900 1694 1233 1331 1852 1336 1665 1971 1980 1039 1310 1400 1072 1532 1928 1532 1721 1012 1815 1190 1014 1112 1540 1441 1424 1276 1367 1289 1537 1532 1688 1291 1289 1361 BCNSPRNW ULIB Ver.6.0+V

เปลี่ยนเป็นภาษาไทย

Change to English
 แสดงรายละเอียดบรรณานุกรม
  กลับหน้าหลัก

Brief Record : Get Marc (ISO 2709) : E-mail record : QR code < ปิดหน้าต่าง
LEADER : 00000nam 2200000uu 4500
001    13399114047
003     ULIB
008    120203s2550||||th 000 0 tha d
020    ^a9746146165(ล.2)
050  4 ^aBF576^bม246อ ล.2 2550
110 1  ^aมหาวิทยาลัยสุโขทัยธรรมาธิราช^bสาขาวิชาวิทยาศาสตร์สุขภาพ
245 00 ^aเอกสารการสอนชุดวิชา เออร์กอนอมิคส์และจิตวิทยาในการทำงาน หน่วยที่8-15=^bErgonomics and work psychology./^cสาขาวิชาวิทยาศาสตร์สุขภาพ มหาวิทยาลัยสุโขทัยธรรมาธิราช
246 0  ^aErgonomics and work psychology
250    ^aพิมพ์ครั้งที่ 11
260    ^aนนทบุรี:^bศูนย์หนังสือมหาวิทยาลัยสุโขทัยธรรมาธิราช,^c2550
300    ^a435 หน้า
650  7 ^aเออร์กอนอมิคส์
650  7 ^aการทำงาน^xจิตวิทยา
945    ^p0^l0^i14781
945    ^p0^l0^i14780
995    ^aกัณชพร
999    ^aใช้งานได้ทุกระบบ
รายการนี้ยังไม่มีแท็ก
คุณยังไม่ได้ล็อกอิน คุณสามารถมีกิจกรรมร่วมกับเว็บไซต์ได้ แต่ต้องล็อกอินก่อน ::
  ล็อกอิน

รายการสื่อสารสนเทศ

ลำดับที่ ประเภท เลขเรียก/บาร์โค้ด สถานที่ สถานะ
1. วิทยาศาสตร์การแพทย์ และสุขภาพ
วิทยาศาสตร์การแพทย์ และสุขภาพ
BF576 ม246อ ล.2 2550 ฉ.2 
  Barcode: 14780
ห้องสมุดวิทยาเขตสวรรค์ประชารักษ์
►หนังสือทั่วไป
บนชั้น

รายการใกล้เคียง
    หัวเรื่อง [เออร์กอนอมิคส์]

BibComment


ยังไม่เคยถูกคอมเมนท์

คอมเมนท์ทรัพยากรรายการนี้
  คอมเมนท์: เอกสารการสอนชุดว..


 Copyright 2026. Bcnsprnw @Library